Hợp tuyển thiết kế đô thị
Guardat en:
| Autor principal: | |
|---|---|
| Format: | Llibre |
| Idioma: | Undetermined |
| Publicat: |
Hà Nội
Xây dựng
2011
|
| Matèries: | |
| Etiquetes: |
Afegir etiqueta
Sense etiquetes, Sigues el primer a etiquetar aquest registre!
|
| Thư viện lưu trữ: | Trung tâm Học liệu Trường Đại học Cần Thơ |
|---|
| LEADER | 00684nam a2200217Ia 4500 | ||
|---|---|---|---|
| 001 | CTU_92496 | ||
| 008 | 210402s9999 xx 000 0 und d | ||
| 020 | |c 38000 | ||
| 082 | |a 711.55 | ||
| 082 | |b H407 | ||
| 100 | |a Đặng, Thái Hoàng | ||
| 245 | 0 | |a Hợp tuyển thiết kế đô thị | |
| 245 | 0 | |c Đặng Thái Hoàng ( chủ biên ) | |
| 260 | |a Hà Nội | ||
| 260 | |b Xây dựng | ||
| 260 | |c 2011 | ||
| 526 | |a Nông nghiệp đô thị | ||
| 526 | |b MT157 | ||
| 650 | |a City planning,Urban design,Kế hoạch đô thị,Thiết kế đô thị | ||
| 904 | |i Trúc | ||
| 980 | |a Trung tâm Học liệu Trường Đại học Cần Thơ | ||